Collecting, storing and managing fuzzy data in statistical relational databases

Gespeichert in:
Bibliographische Detailangaben
1. Verfasser: Hudec, Miroslav, 1969-
Weitere Verfasser: Praženka, Dušan, 1942-
Format: Buchkapitel
Sprache:Englisch
Schlagworte:
Tags: Tag hinzufügen
Keine Tags, Fügen Sie das erste Tag hinzu!

MARC

LEADER 00000nla a2200000 4500
001 0209050
005 20240502083522.8
041 0 |a eng 
044 |a BE 
245 1 0 |a Collecting, storing and managing fuzzy data in statistical relational databases  |c Miroslav Hudec, Dušan Praženka 
610 2 0 |a informatika aplikovaná 
610 2 0 |a stratégia informačná 
610 2 0 |a teória systémov informačných 
610 2 0 |a modely 
610 2 0 |a štatistika 
610 2 0 |a báza dát 
100 1 |a Hudec, Miroslav, 1969- 
700 1 |a Praženka, Dušan, 1942-